000
00258nam a2200097Ia 4500
008
240331s9999 xx 000 0 und d
082
_b
THA
100
_a
Bhakavathsala S. ed
245
0
_a
Thamizhagathil nadodgal :
_b
sanga kalm muthal sama kalam varai
942
_c
L
999
_c
3645
_d
3645